Statistics for Historical Figures Decoder

Click here to take the quiz!

General Stats

  • This quiz has been taken 265 times
  • The average score is 23 of 33

Answer Stats

ClueFigure% Correct
NFrench conqueror who saw his last defeat at WaterlooNapoleon
97%
GIndian pacifist who led India to independenceMohandas Gandhi
93%
AFirst man on the MoonNeil Armstrong
92%
EGerman scientist famous for the theory E=mcAlbert Einstein
91%
TPharaoh whose tomb was discovered in 1922Tutankhamun
89%
N17th century English physicist who discovered gravityIsaac Newton
87%
NAmerican president who resigned after WatergateRichard Nixon
87%
AGreek conqueror whose empire extended to IndiaAlexander the Great
86%
EAviatrix who disappeared in 1937Amelia Earhart
84%
EHer father was Henry VIII and her mother Anne BoleynElizabeth I
81%
OAssassin of John F. KennedyLee Harvey Oswald
79%
SGreek philosopher who was sentenced to death by drinking poison hemlockSocrates
79%
CProbably China's most influential philosopherConfucius
78%
HEmperor of Japan during World War IIHirohito
78%
ISpanish Queen of Castille who married the King of AragonIsabella I of Castille
78%
AHun called the "Scourge of God"Attila
76%
TBritish Prime Minister during Falkland WarMargaret Thatcher
76%
NBritish admiral who won the Battle of TrafalgarHoratio Nelson
74%
B"Liberator" of South and Central AmericaSimón Bolívar
72%
IRussian Tsar whose reign saw the conquest of SiberiaIvan the Terrible
71%
RDutch Golden Age painter of "The Night Watch"Rembrandt
69%
TEscaped American slave who rescued 70 othersHarriet Tubman
63%
TExiled Soviet leader assassinated in MexicoLeon Trotsky
60%
XPersian emperor who failed to conquer GreeceXerxes the Great
57%
quoteNothing is certain but death and taxes
55%
DPortuguese captain who was the first to sail directly from Europe to IndiaVasco da Gama
55%
AFounding father of secular TurkeyMustafa Kemal Atatürk
53%
TRoman Emperor who came after AugustusTiberius
53%
UPope who called for and launched the First CrusadeUrban II
48%
HBabylonian king whose code decreed "an eye for an eye"Hammurabi
45%
DKing who ruled the Persian Empire at its peakDarius the Great
42%
SAuthor of "The Wealth of Nations"Adam Smith
41%
IAncient Egyptian who has been called history's first architect and doctorImhotep
32%

Score Distribution

Percentile by Number Answered

Percent of People with Each Score

Your Score History

You have not taken this quiz